Vista normal
Vista MARC
Entrada Corporate Name
Número de registros utilizados en: 2
001 - CONTROL NUMBER
- control field: 697
003 - CONTROL NUMBER IDENTIFIER
- control field: OSt
005 - DATE AND TIME OF LATEST TRANSACTION
- control field: 20110810111145.0
008 - FIXED-LENGTH DATA ELEMENTS
- fixed length control field: 110810|||a|||||| | ||| d
040 ## - CATALOGING SOURCE
- Original cataloging agency: OSt
- Transcribing agency: OSt
110 ## - HEADING--CORPORATE NAME
- Corporate name or jurisdiction name as entry element: Argentina. Ministerio de Salud y Acción Social de la Nación.
- Subordinate unit: Secretaria de Programas de Salud. Subsecretaria de Atención Comunitaria. Dirección de Salud Materno Infantil.
670 ## - SOURCE DATA FOUND
- Source citation: Work cat.: (OSt)805: Argentina. Ministerio de Salud y Acción Social de la Nación. Secretaria de Programas de Salud. Subsecretaria de Atención Comunitaria. Dirección de Salud Materno Infantil., Propuesta Normativa Perinatal : 3 ., 1998.